Quản trị sự thay đổi trong các tổ chức : Managing change in organizations

Kaydedildi:
Detaylı Bibliyografya
Yazar: Phạm, Vũ Khiêm
Materyal Türü: Sách
Dil:Undetermined
Baskı/Yayın Bilgisi: Bách Khoa 2020
Konular:
Etiketler: Etiketle
Etiket eklenmemiş, İlk siz ekleyin!
Thư viện lưu trữ: Trung tâm Thư viện - Trường Đại học Công nghiệp TP. Hồ Chí Minh
LEADER 00540nam a2200157Ia 4500
001 UIH_00083
008 230809s9999 xx 000 0 und d
082 |a 658.406 
100 |a Phạm, Vũ Khiêm 
245 0 |a Quản trị sự thay đổi trong các tổ chức : Managing change in organizations 
245 0 |c Phạm, Vũ Khiêm 
260 |b Bách Khoa 
260 |c 2020 
650 |a Tổ chức;Quản lí; 
927 |a Sách 
980 |a Trung tâm Thư viện - Trường Đại học Công nghiệp TP. Hồ Chí Minh